MDQL
is popping MORE tags! Check the
thread
!
Quizzes
Events
Quiz Creation
Community
Videos
Private Events
Remove Ads
Sign In
Join for FREE
Feedback
Dark Mode
Quiz Categories
Sports
Geography
Music
Movies
Television
Just For Fun
Miscellaneous
History
Literature
Language
Science
Gaming
Entertainment
Religion
Holiday
For Kids
Quiz Lab
Recent
Popular Today
Quiz Kudos Today
Editor Picks
Curator Picks
Quizzes by...
Day
Popularity
Type
Ratings
Length
Year
Community
Subscriptions
Recent Discussions
Orange Saloon
Badges
Playlists
Quests
Create
Leaderboards
Showdown
Live 5
Trivia Bingo
Activity
Puzzle Library
Sporcle Events
Private Events
Virtual Trivia
Globe League
Become a Host
Pub Owners
SporcleCon
Opinionation
Our Games
Videos
Blog
Mobile Apps
Partnerships
Remove Ads and Go Orange
Feedback
Music
Pop Music
The Beatles
Song
Album
Lyrics
Bands
Singers
Artist
Clip
Rock
Rap
Classical
Billboard
Country Music
Kpop
Taylor Swift
Music
Pop Music
The Beatles
Song
Album
Lyrics
Bands
Singers
Artist
Clip
Rock
Rap
Classical
Billboard
Country Music
Kpop
Taylor Swift
Random Quiz
Search Sporcle
×
Quiz Lab
Quiz Lab
Music
Lyrics
Type in answers that appear in a list
Type in answers that appear in a list
Classic
Best Score? Go Orange.
California Love Lyrics Quiz Stats
Can you name the California Love Lyrics Quiz?
By
KingDobby
8m
23 Questions
188 Plays
188 Plays
188 Plays
Comments
Comments
Give Quiz Kudos
Give Quiz Kudos
-
- Ratings
hide this ad
Replay
Link that replays current quiz
Next Quiz
Link to next quiz in quiz playlist
You Got
0%
They Got
Avg Score
50%
Avg Friend Score
Upgrade to see
Score Distribution
Jump to the score distribution portion of the page
Score
0/23
Timer
08:00
0
Plays Today
Line
Answer
% Correct
What state knows how to party?
California
95.7%
The third city?
Compton
83.5%
What is the first city where they know how to party?
Los Angeles
82.4%
Where does Dr. Dre welcome us to?
The wild, wild west
72.9%
What finger do you throw up if you agree with Tupac?
Middle
64.4%
Which is as untouchable as?
Elliot Ness
56.4%
According to Tupac, which side is the best side?
West side
54.8%
What is never empty in this state?
The dance floor
53.7%
In the second verse, where is Tupac straight out of?
Jail
53.7%
In the outro, what are one of the three places that are 'in tha house'?
Longbeach, Oakland, or Frisko
53.2%
The second city?
Watts
52.7%
Whom did he hear screaming as he exited prison?
Hoochies
46.3%
Line
Answer
% Correct
What are pimps on a mission for?
Greens
39.9%
What do you have to pack one of for your Jimmy in the city of sex?
Vest
39.4%
Most importantly, what is Tupac's sentiment towards this state?
Love
39.4%
Which city is always up to no good?
Inglewood
38.8%
And what type of suits do they wear with them?
Khaki
37.2%
What should the baby do?
Shake it
34%
What type of shoes do they wear?
Chucks
33.5%
What items look like they have been stolen from Liberace?
Diamonds
32.4%
What city is trying to get a piece?
Hollywood
30.9%
What won't the row bow down to?
No man
30.3%
Whom does Tupac and his buddies collide with?
Other crews
27.1%
Quiz Playlist
Details
Report
Send in Message
Add To Playlist
Classic:
Type in answers that appear in a list
Last Updated: Feb 16, 2017
Quiz Scoreboard
CHALLENGE
Sign Up to Join the Scoreboard
Show All
Scores
Hide
Comments
May contain spoilers
Recently Published
Find the 'City' Movie
by crazypaving
Movies
60s
5x2 Blitz: Bands
by SL_Kpop136
Music
30s
Colored Red Africa Blitz
by spor1
Geography
30s
More to Explore
Quiz From the Vault
Featured Blog Post
14 Easter Pick-up Lines to Find Eggs With
hide this ad
You Might Also Like...
Tags
Lyrics Quiz
Rap Quiz
California
Love
Questionnaire
tupac
Today's Top Quizzes in Music
Browse Music
hide this ad
Today's Top Quizzes in Lyrics
Browse Lyrics
Top Contributed Quizzes in Music
1
5X2 Blitz: Bands II
2
Taylor Swift Logic Puzzle II
3
Taylor Swift All Songs (2024)
4
5X2 Blitz: The Beatles
5
5X2 Blitz: Billboard
6
5X2 Blitz: Singers
7
5X2 Blitz: Album
8
5X2 Blitz: Rock
9
Music Artist by Three 2010s hits
10
5X2 Blitz: Billboard II
Explore More
Trending Topics
Disney
Crossword
Kpop
NBA
Marvel
Harry Potter
Anime
The Office
WWE
Soccer
Song
Country
NFL
Pokémon
Puzzle
hide this ad
More By:
KingDobby
Quiz
Plays
Rating
Category
Featured
Created
NBA Chain Minefield (HARD)
69,115
2.19
Sports
May 31, 2012
NBA Chain Minefield 2 (HARD)
49,058
1.69
Sports
Jun 1, 2012
NBA Chain Minefield 3 (HARD)
6,192
2.20
Sports
Oct 30, 2012
NBA Technical Fouls
5,140
2.00
Sports
May 11, 2012
NBA Top 100 Highest Guaranteed Salary(Beginning of '12)
3,103
3.83
Sports
Nov 1, 2012
Go to Creator's Profile
Score Distribution
Quiz Creator Spotlight
KingDobby
Follow
Send a Message
Quizzes Created
-
Created Quiz Play Count
-
More By This Creator
Popular Quizzes Today
1
Colored Red Africa Blitz
2
Find the 'City' Movie
3
5x2 Blitz: Bands
4
Find the US States - No Outlines Minefield
5
The Countries of the World
6
Find the US States
7
US States
8
9x9 Crossword: Cartoon Network
More Music Quizzes
Missing Word, Hidden Object: Songs III
Published
Trending Quizzes
Colored Red Europe Blitz I
Colored Red Africa Blitz II
Colored Red Europe Blitz II
Colored Red Europe Blitz III
Colored Red Africa Blitz III
Recently Updated
Famous TV Couples
Peacemaker
Champions League XIs: Real Madrid
pecheneg
Largest US Cities 1790-2010
pecheneg
Rides in Walt Disney World
pecheneg
Most Oscar Losses (Acting)
pecheneg
Beyoncé Albums
pecheneg
Leaping Animals
pecheneg
Reality TV Shows (A-Z)
bhenderson79
Rickey Henderson's Hall of Fame Teammates
pecheneg
Champions League XIs: Arsenal
pecheneg
Trending Topics
Harry Potter
Kpop
Disney
Anime
Marvel
NBA
Crossword
Song
Country
WWE
Soccer
Puzzle
Pokémon
The Office
NFL
Your Account Isn't Verified!
In order to create a playlist on Sporcle, you need to verify the email address you used during registration. Go to your
Sporcle Settings
to finish the process.
Report this User
Report this user for behavior that violates our
Community Guidelines
.
Details:
Send Report
Go to the Sporcle.com Mobile Site →
Comments